[Event "Mondariz-B"]
[Site "Mondariz"]
[Date "1999.??.??"]
[Round "9"]
[White "Bueno Abalo, Manuel"]
[Black "Moreno Ruiz, Javier"]
[Result "1-0"]
[WhiteElo "2175"]
[BlackElo "2390"]

1.e4 c5 2.Nf3 Nc6 3.Bb5 g6 4.O-O Bg7 5.c3 Nf6 6.e5 Nd5 7.d4 cxd4 8.cxd4 O-O
9.Nc3 Nxc3 10.bxc3 d6 11.exd6 Qxd6 12.a4 Qc7 13.Re1 e6 14.Bg5 Na5 15.Re3 Nc4
16.Bxc4 Qxc4 17.Ne5 Qd5 18.Be7 Re8 19.c4 Qa5 20.Bd6 f6 21.Nd3 b6 22.Qf3 Ba6
23.d5 Bxc4 24.dxe6 Bd5 25.Qh3 f5 26.Rae1 Be4 27.Nf4 Qxa4 28.e7 Qd4 29.Ba3 Qe5
30.Qg3 Bh6 31.Rxe4 fxe4 32.Qb3+ Kg7 33.Bb2 Bxf4 34.g3 Kh6 35.Bxe5 Bxe5 36.Rxe4 Bf6
37.Qf7  1-0

[Event "Fan Adams Int"]
[Site "New York "]
[Date "1999.??.??"]
[Round "3"]
[White "Burnett, Ronald"]
[Black "Sokolin, Leonid M"]
[Result "1-0"]
[WhiteElo "2420"]
[BlackElo "2515"]

1.e4 c5 2.Nf3 Nc6 3.Bb5 e6 4.O-O Nge7 5.c3 a6 6.Ba4 c4 7.Bc2 Ng6 8.b3 b5
9.a4 Bb7 10.Na3 cxb3 11.Bxb3 Na5 12.d3 Bc6 13.axb5 axb5 14.Nd4 Nxb3 15.Qxb3 Be7
16.Be3 Bxa3 17.Rxa3 O-O 18.Nxb5 Rxa3 19.Nxa3 f5 20.f3 Qf6 21.Bc5 Ra8 22.Be3 Nh4
23.Bf2 Ng6 24.Bg3 h5 25.Nc4 h4 26.Bd6 h3 27.g3 Kh7 28.Qb2 e5 29.Bc5 Qe6 30.Qe2 f4
31.Rb1 d5 32.Nb6 Ra6 33.c4 d4 34.Qf2 Qf6 35.Nd5 Qg5 36.Nb4 Ra3 37.Nxc6 Rxd3
38.g4 Nh4 39.Be7 Nxf3+ 40.Qxf3  1-0

[Event "Pardubice op2"]
[Site "Pardubice"]
[Date "1999.??.??"]
[Round "?"]
[White "Varitski, Igor"]
[Black "Maslak, Alexander"]
[Result "1/2-1/2"]
[WhiteElo "2352"]
[BlackElo "2272"]

1.e4 c5 2.Nf3 Nc6 3.Bb5 g6 4.Bxc6 dxc6 5.d3 Bg7 6.Nc3 e5 7.Be3 b6 8.h3 Ne7
9.Qd2 h6 10.O-O Be6 11.a3 Qd7 12.Ne2 Rd8 13.Qc3 f6 14.b4 cxb4 15.axb4 O-O
16.d4 exd4 17.Bxd4 Qc7 18.Rad1 Rf7 19.Rd2 Rdf8 20.Rfd1 Bc8 21.Qc4 Kh7 22.Be3 f5
23.Bf4 Qb7 24.Ne5 Bxe5 25.Bxe5 fxe4 26.Qxe4 c5 27.Ng3 Nf5 28.Rd8 Qe7 29.Rxf8 Qxf8
30.bxc5 Nxg3 31.Bxg3 Qxc5 32.Rd8 Rf8 33.Rxf8 Qxf8 34.Qa8 b5 35.Qxa7+ Qg7
36.Qc5 Bd7 37.h4 Qf7 38.c3 Qe8 39.Be5 Kg8 40.Bd4 Qe6 41.Qc7 Kf7 42.Qf4+ Qf5
43.Qxh6 Ke6 44.Qh8 Kd5 45.Qg8+ Be6 46.Qa8+ Kc4 47.Qa2+ Kd3 48.Qb1+ Kc4 49.Qb4+ Kd3
50.f3 Kc2 51.Kf2 Bc4 52.Qe7 Qf4 53.Qf6 Qd2+ 54.Kg3 Qe1+ 55.Kh2 Bd3 56.Qg5 Qe8
57.Qe5 Qf7 58.Kg3 Qh7 59.Kh3 Bf1 60.Qe1 Bd3 61.g4 Qd7 62.Qe5 Bf1+ 63.Kg3 Bd3
64.Kf2 Qd8 65.Kg3 Qd7 66.Qf4 Qe6 67.Be5 Qb6 68.Qd4 Qc6 69.Kf2 Qe6 70.Ke3 Bc4
71.Qd6 Qe8 72.Qf6 Bd3 73.Kf4 Kd2 74.Kg5 Ke2 75.Bd4 Qg8 76.h5 gxh5+ 77.Kxh5 Qh7+
78.Kg5 Qg8+ 79.Kf4 Qh7 80.Qe5+ Kd2 81.Kg3 Qg6 82.f4 Be2 83.Qg5 Qd3+ 84.Kh4 Qf3
85.Qf5 Bd3 86.Qe5 Be2  1/2-1/2

[Event "Presov op"]
[Site "Presov"]
[Date "1999.??.??"]
[Round "7"]
[White "Pinkas, Karol"]
[Black "Zambor, Norbert"]
[Result "1-0"]
[WhiteElo "2356"]
[BlackElo "2192"]

1.e4 c5 2.Nf3 Nc6 3.Bb5 e6 4.O-O Nge7 5.c3 a6 6.Ba4 b5 7.Bc2 Bb7 8.d4 cxd4
9.cxd4 Nb4 10.Nc3 Nxc2 11.Qxc2 Rc8 12.Qd3 Ng6 13.d5 e5 14.Be3 d6 15.a4 b4
16.Na2 Be7 17.Nxb4 O-O 18.Rfc1 Rxc1+ 19.Rxc1 Qd7 20.Nc6 f5 21.exf5 Rxf5  1-0

[Event "CRO-chJ-B"]
[Site "Pula"]
[Date "1999.??.??"]
[Round "?"]
[White "Paljusaj, Edmond"]
[Black "Njirjak, Josip"]
[Result "1-0"]
[WhiteElo "2224"]
[BlackElo "2298"]

1.e4 c5 2.Nf3 Nc6 3.Bb5 g6 4.Bxc6 bxc6 5.O-O Bg7 6.Re1 Nf6 7.e5 Nd5 8.c4 Nc7
9.d4 cxd4 10.Qxd4 O-O 11.Nc3 Ne6 12.Qh4 a5 13.Bh6 a4 14.Ne4 f6 15.Rad1 Rb8
16.Rd2 Qa5 17.exf6 exf6 18.Bxg7 Kxg7 19.Nd6 Rd8 20.Red1 Nf8 21.Qe4 Ne6  1-0

[Event "Rakovnik op"]
[Site "Rakovnik"]
[Date "1999.??.??"]
[Round "?"]
[White "Koutecky, Vaclav"]
[Black "Kohout, Josef"]
[Result "1-0"]
[WhiteElo "1960"]
[BlackElo "2055"]

1.e4 c5 2.Nf3 Nc6 3.Bb5 d6 4.O-O Bg4 5.Re1 e5 6.c3 Be7 7.d3 Nf6 8.h3 Bh5
9.Nbd2 Rc8 10.Nf1 Qd7 11.Ng3 Bg6 12.d4 cxd4 13.cxd4 a6 14.Bxc6 Qxc6 15.dxe5 Nxe4
16.Nxe4 Bxe4 17.exd6 Bxd6 18.Nd4 Qd5 19.f3 f5 20.fxe4 fxe4 21.Qd3 O-O 22.Rxe4 Rce8
23.Rxe8 Rxe8 24.Qb3 Qxb3 25.Nxb3 Bg3 26.Bd2 b6 27.Bc3 h5 28.Rd1 Re7 29.Nd4 Rd7
30.Rf1 b5 31.Nf5 b4 32.Bxb4 Be5 33.Bc3  1-0

[Event "Recklinghausen op"]
[Site "Recklinghausen"]
[Date "1999.??.??"]
[Round "1"]
[White "Koehler, Markus"]
[Black "Wagner, Georg"]
[Result "1-0"]
[WhiteElo "2180"]
[BlackElo "2105"]

1.e4 c5 2.Nf3 Nc6 3.Bb5 g6 4.O-O Bg7 5.Re1 Nf6 6.Nc3 e6 7.e5 Nd5 8.Bxc6 dxc6
9.Ne4 O-O 10.Nxc5 b6 11.Ne4 c5 12.c3 Bb7 13.Nd6 Bc6 14.d4 Qc7 15.Ng5 h6 16.Nge4 Rfd8
17.f4 cxd4 18.cxd4 Ne7 19.Qc2 Rd7 20.Be3 Rad8 21.Rac1 Qb8 22.Bf2 Rc7 23.Bh4 Rdd7
24.Bxe7 Rxe7 25.Qd3 Qa8 26.Rc3 Bxe4 27.Nxe4 Rc6 28.Rec1 Rec7 29.Qf3 Rxc3
30.Nf6+ Bxf6 31.Qxa8+ Rc8 32.Qxc8+  1-0

[Event "Recklinghausen op"]
[Site "Recklinghausen"]
[Date "1999.??.??"]
[Round "5"]
[White "Mainka, Romuald"]
[Black "Gausel, Einar"]
[Result "1/2-1/2"]
[WhiteElo "2475"]
[BlackElo "2500"]

1.e4 c5 2.Nf3 Nc6 3.Bb5 e6 4.O-O Nge7 5.Re1 a6 6.Bf1 d5 7.exd5 Nxd5 8.d4 Be7
9.dxc5 Bxc5 10.c4 Nf6 11.Qxd8+ Nxd8 12.a3 a5 13.Nc3 Bd7 14.Bf4 O-O 15.Rad1 Nc6
16.Nb5 a4 17.Bd6 Bxd6 18.Nxd6 b6 19.g3 Ra5 20.Bg2 Rc5 21.Bf1 Rb8 22.Nb5 Kf8
23.Nc3 Na5 24.Ne5 Be8 25.Rd4 Rxe5 26.Rxe5 Nc6 27.Ree4 Nxe4 28.Rxe4 Na5 29.Rd4 Ke7
30.f4 Rc8 31.Kf2 Nb3 32.Rd1 Na5 33.Rd4 Nb3 34.Rd1  1/2-1/2

[Event "Recklinghausen op"]
[Site "Recklinghausen"]
[Date "1999.??.??"]
[Round "7"]
[White "Glek, Igor V"]
[Black "Gausel, Einar"]
[Result "1-0"]
[WhiteElo "2535"]
[BlackElo "2500"]

1.e4 c5 2.Nf3 Nc6 3.Bb5 e6 4.O-O Nge7 5.c3 a6 6.Ba4 b5 7.Bc2 Bb7 8.Re1 d5
9.e5 d4 10.Be4 Nf5 11.a4 Be7 12.axb5 axb5 13.Rxa8 Qxa8 14.Na3 Na7 15.Bxb7 Qxb7
16.cxd4 cxd4 17.d3 Qd5 18.Nc2 Nc6 19.Re4 h5 20.g3 Kd7 21.h3 Bc5 22.Nce1 f6
23.Qe2 Nfe7 24.exf6 gxf6 25.Ng2 e5 26.Nd2 Qf7 27.Qd1 Ng6 28.Re1 Bb4 29.Qf3 f5
30.Rf1 Qe6 31.h4 Nge7 32.Qe2 Bxd2 33.Bxd2 Qb3 34.Bg5 Ng6 35.Qf3 Qe6 36.Rc1 e4
37.Qe2 Qd5 38.Nf4 Nxf4 39.Bxf4 Nb4 40.dxe4 fxe4 41.Rc7+ Ke6 42.Bg5 Nc6 43.f3 e3
44.Qc2 d3 45.Rxc6+ Kd7 46.Rc7+ Ke6 47.Re7+ Kf5 48.Qc7  1-0

[Event "Recklinghausen op"]
[Site "Recklinghausen"]
[Date "1999.??.??"]
[Round "9"]
[White "Glek, Igor V"]
[Black "Kishnev, Sergey"]
[Result "1/2-1/2"]
[WhiteElo "2535"]
[BlackElo "2495"]

1.e4 c5 2.Nf3 Nc6 3.Bb5 g6 4.Bxc6 dxc6 5.d3 Bg7 6.h3 b6 7.Nc3 e5 8.O-O Ne7
9.a3 a5 10.b3 O-O 11.Bb2 Qd6 12.a4 f6 13.Nd2 Be6 14.Ne2 Bh6 15.Nc4 Qc7 16.Bc1 Bg7
17.Bd2 Rad8 18.Qe1 Rde8 19.Rb1 Nc8 20.f4 Bxc4 21.bxc4 f5 22.exf5 exf4 23.Bxf4 Qe7
24.Ng3 Qd7 25.Qd2 gxf5 26.Kh1 Re6 27.Rf3 Rg6 28.Nh5 Bd4 29.c3 Bf6 30.Re1 Bh4
31.Ref1 Ne7 32.Bh2 b5 33.cxb5 cxb5 34.axb5 Qxb5 35.c4 Qb6 36.Qc3 Bf6 37.Nxf6+ Rfxf6
38.Be5 Re6 39.d4 cxd4 40.Bxd4 Qb4 41.Qc2 Re1 42.Rxe1 Qxe1+ 43.Kh2 Qe4 44.Qf2 Kf7
45.c5 h5 46.Ba1 a4 47.Qb2 h4 48.Qf2 Ke8 49.Bb2 Kf7 50.Bc1 Re6 51.Bg5 Qe5+
52.Bf4 Qe1 53.Qa2 Qe2 54.Bd2 Kg6 55.Rf2 Qe5+ 56.Bf4 Qe4 57.Bd6 Nd5 58.Qb2 Nf6
59.Rf4 Qe1 60.Rf3 Re2  1/2-1/2

[Event "Recklinghausen op"]
[Site "Recklinghausen"]
[Date "1999.??.??"]
[Round "9"]
[White "Pribyl, Josef"]
[Black "Trzaska, Peter"]
[Result "1-0"]
[WhiteElo "2380"]
[BlackElo "2195"]

1.e4 c5 2.Nf3 Nc6 3.Bb5 Nd4 4.Nc3 Nxb5 5.Nxb5 a6 6.Nc3 e6 7.O-O d6 8.d4 cxd4
9.Qxd4 Ne7 10.Rd1 Nc6 11.Qd2 b5 12.a4 b4 13.Ne2 Be7 14.Ned4 Bb7 15.Nxc6 Bxc6
16.Qxb4 Qb8 17.Qxb8+ Rxb8 18.Nd2 Rb4 19.b3 Bf6 20.Ba3 Rd4 21.Rab1 Bxe4 22.Nxe4 Rxe4
23.Rxd6 O-O 24.Rxa6 Rc8 25.c4 Re2 26.Kf1 Ra2 27.Bc5 h5 28.Be3 Be5 29.g3 Rd8
30.c5 Rd3 31.b4 h4 32.gxh4 Bxh2 33.c6 Bg3 34.Re1 Bd6 35.b5 Rc3 36.Rd1 Bg3
37.Bd4 Rcc2 38.fxg3 e5 39.Be3 f5 40.b6 f4 41.gxf4 exf4  1-0

[Event "RUS-ch U18 Girls"]
[Site "Rybinsk"]
[Date "1999.??.??"]
[Round "?"]
[White "Kosintseva, Tatiana"]
[Black "Chasovnikova, Eugenia"]
[Result "1-0"]
[WhiteElo "2177"]
[BlackElo "2247"]

1.e4 c5 2.Nf3 Nc6 3.Bb5 e6 4.O-O Nge7 5.c3 d5 6.exd5 Qxd5 7.Re1 a6 8.Bf1 Nf5
9.Na3 Be7 10.Nc4 Qd8 11.a4 O-O 12.d3 Na5 13.Nxa5 Qxa5 14.Ne5 Qc7 15.Qf3 Bd6
16.Qe2 b6 17.g3 Bb7 18.Bg2 Bxg2 19.Kxg2 Rad8 20.Nc4 b5 21.axb5 axb5 22.Nxd6 Qxd6
23.Bf4 Qd5+ 24.Qe4 Qb3 25.Re2 b4 26.Qc4 Qxc4 27.dxc4 bxc3 28.bxc3 Rc8 29.Ra5 Rc6
30.Rb2 f6 31.g4 Nh4+ 32.Kg3 g5 33.Be3 Rfc8 34.Rbb5 Ng6 35.Rxc5 Rxc5 36.Rxc5  1-0

[Event "IGSP opA"]
[Site "Sao Caetano do Sul"]
[Date "1999.??.??"]
[Round "1"]
[White "Lee, Orlando"]
[Black "Barrionuevo, Alfredo Carlos"]
[Result "1-0"]
[WhiteElo "2280"]
[BlackElo "2095"]

1.e4 c5 2.Nf3 Nc6 3.Bb5 g6 4.O-O Bg7 5.c3 Nh6 6.d4 cxd4 7.cxd4 O-O 8.Nc3 d6
9.h3 f6 10.Be3 Nf7 11.d5 Nce5 12.Nd4 Qc7 13.Ne6 Bxe6 14.dxe6 Nh8 15.Nd5 Qd8
16.f4 Nc6 17.f5 Ne5 18.Rc1 h6 19.Rc7 Nc6 20.Rxb7  1-0

[Event "Itau Mercosul Cup 3rd"]
[Site "Sao Paulo"]
[Date "1999.??.??"]
[Round "3"]
[White "Marques, Vinicius"]
[Black "Braga, Cicero"]
[Result "1/2-1/2"]
[WhiteElo "2246"]
[BlackElo "2405"]

1.e4 c5 2.Nf3 Nc6 3.Bb5 d6 4.O-O Bd7 5.Re1 Nf6 6.c3 a6 7.Bf1 Bg4 8.h3 Bxf3
9.Qxf3 g6 10.Qd1 Bh6 11.Na3 e5 12.Nc2 O-O 13.d4 Bxc1  1/2-1/2

[Event "Liechtenstein op"]
[Site "Schaan"]
[Date "1999.??.??"]
[Round "3"]
[White "Westerinen, Heikki MJ"]
[Black "Roth, Josef"]
[Result "1-0"]
[WhiteElo "2390"]
[BlackElo "2180"]

1.e4 c5 2.Nf3 Nc6 3.Bb5 Na5 4.O-O a6 5.Be2 b5 6.d4 cxd4 7.Nxd4 Bb7 8.Bf3 e6
9.e5 Qc7 10.Re1 Ne7 11.Nc3 Ng6 12.Bxb7 Qxb7 13.Qh5 Nc4 14.Ne4 Qd5 15.c3 Be7
16.f4 Nh4 17.b3 Na5 18.Ba3 Bxa3 19.Qxh4 Be7 20.Qg3 g6 21.Rad1 Qb7 22.Rd3 Nc6
23.Qf3 Qa7 24.Kh1 Nxd4 25.cxd4 Rd8 26.d5 exd5 27.Nf6+ Bxf6 28.exf6+ Kf8 29.Qe2 Qb8
30.Rxd5 h5 31.Qe7+ Kg8 32.Rxd7 Rxd7 33.Qxd7 Qxf4 34.Qe8+ Kh7 35.Qxf7+ Kh6
36.Qg7+  1-0

[Event "Liechtenstein op"]
[Site "Schaan"]
[Date "1999.??.??"]
[Round "6"]
[White "Westerinen, Heikki MJ"]
[Black "Zierke, Oliver"]
[Result "1-0"]
[WhiteElo "2390"]
[BlackElo "2280"]

1.e4 c5 2.Nf3 Nc6 3.Bb5 g6 4.O-O Bg7 5.Re1 Nf6 6.e5 Nd5 7.Nc3 Nc7 8.Bxc6 dxc6
9.h3 O-O 10.d3 Ne6 11.Ne4 Qc7 12.Neg5 h6 13.Nxe6 Bxe6 14.Bf4 Rad8 15.Qe2 Kh7
16.a4 b5 17.Qe3 Rd5 18.c4 bxc4 19.dxc4 Rd7 20.Qxc5 Qb6 21.Qxb6 axb6 22.Be3 Bxc4
23.Bxb6 Rb8 24.a5 f6 25.a6 Rd3 26.a7 Ra8 27.exf6 Bxf6 28.Ne5 Bxe5 29.Rxe5 e6
30.Re4 Rb3 31.Bc5 Bd5 32.Rf4 Rxb2 33.Rf8 Rxf8 34.Bxf8 c5 35.a8=Q Bxa8 36.Rxa8  1-0

[Event "Sportland-NRW-Cup"]
[Site "Senden"]
[Date "1999.??.??"]
[Round "7"]
[White "Mainka, Romuald"]
[Black "Volzhin, Alexander"]
[Result "1/2-1/2"]
[WhiteElo "2475"]
[BlackElo "2565"]

1.e4 c5 2.Nf3 Nc6 3.Bb5 g6 4.O-O Bg7 5.Bxc6 bxc6 6.Re1 Nh6 7.c3 O-O 8.d4 cxd4
9.cxd4 d5 10.e5 f6 11.h3 g5 12.exf6 exf6 13.Nc3 Bf5 14.Nh2 Qd6 15.f4 Rae8
16.Rf1 Bc8 17.Qd3 Nf5 18.Bd2 h5 19.Rf2 h4 20.Rd1 Ng3 21.fxg5 fxg5 22.Rxf8+ Rxf8
23.Bxg5 Bf5 24.Qd2 Qg6 25.Nf3 Qh5 26.Be7 Bh6 27.Bg5 Bg7 28.Be7 Bh6 29.Bg5 Bg7
30.Be7  1/2-1/2

[Event "Sportland-NRW-Cup"]
[Site "Senden"]
[Date "1999.??.??"]
[Round "8"]
[White "Mueller, Maximilian"]
[Black "Konietzka, Lutz"]
[Result "1-0"]
[WhiteElo "2195"]
[BlackElo "2135"]

1.e4 c5 2.Nf3 Nc6 3.Bb5 d6 4.O-O Bd7 5.Re1 Nf6 6.c3 a6 7.Ba4 b5 8.Bc2 Bg4
9.d3 g6 10.Nbd2 Bg7 11.h3 Bxf3 12.Nxf3 O-O 13.d4 Nd7 14.Be3 Rb8 15.dxc5 dxc5
16.Qd5 Rc8 17.Rad1 Nce5 18.Bf4 Nxf3+ 19.gxf3 Nf6 20.Qxd8 Rfxd8 21.Be3 c4
22.Bb6 Rd7 23.Rxd7 Nxd7 24.Be3 Ne5 25.Kg2 Rd8 26.f4 Nc6 27.Kf3 e5 28.fxe5 Nxe5+
29.Ke2 Bf6 30.f4 Nd3 31.Rb1 Bh4 32.b3 Bg3 33.bxc4 bxc4 34.Bxd3 Rxd3 35.Rb6 Kg7
36.Rxa6 Kh6 37.Bd2 Kh5 38.Ra7 Kh4 39.Rxf7 Kxh3  1-0

[Event "Sportland-NRW-Cup"]
[Site "Senden"]
[Date "1999.??.??"]
[Round "8"]
[White "Van der Weide, Karel"]
[Black "Mainka, Romuald"]
[Result "1/2-1/2"]
[WhiteElo "2430"]
[BlackElo "2475"]

1.e4 c5 2.Nf3 Nc6 3.Bb5 e6 4.O-O Nge7 5.Re1 a6 6.Bf1 d5 7.exd5 Nxd5 8.d4 Nf6
9.Be3 cxd4 10.Nxd4 Qc7 11.Nxc6 bxc6 12.Nd2 c5 13.Nc4 Bb7 14.Qd2 Nd5 15.Qa5 Qxa5
16.Nxa5 Nxe3 17.Rxe3 Bc8 18.g3 Be7 19.Bg2 Ra7 20.Nc6 Rc7 21.Nxe7 Kxe7 22.Rd1 Bb7  1/2-1/2

[Event "Sevilla op"]
[Site "Sevilla"]
[Date "1999.??.??"]
[Round "3"]
[White "Frois, Antonio"]
[Black "Saez Gabikagogeaskoa, Oscar"]
[Result "1-0"]
[WhiteElo "2350"]
[BlackElo "2020"]

1.e4 c5 2.Nf3 Nc6 3.Bb5 g6 4.O-O Bg7 5.Bxc6 dxc6 6.d3 Nh6 7.a4 a5 8.Nc3 e5
9.h3 f6 10.Be3 Qe7 11.Nd2 Be6 12.Ne2 g5 13.Ng3 O-O-O 14.Qe2 Bf8 15.Ra3 g4
16.h4 f5 17.exf5 Nxf5 18.Nxf5 Bxf5 19.Bg5 Qc7 20.Bxd8 Kxd8 21.Nc4 Bg7 22.Qe3 Bg6
23.Rb3 Qe7 24.Nxa5 Qxh4 25.Rxb7 Bf6 26.Qxc5 e4 27.Qd6+ Ke8 28.Qd7+  1-0

[Event "Sevilla op"]
[Site "Sevilla"]
[Date "1999.??.??"]
[Round "7"]
[White "Garcia Albarracin, Francisco"]
[Black "Yakovich, Yuri"]
[Result "0-1"]
[WhiteElo "2340"]
[BlackElo "2560"]

1.e4 c5 2.Nf3 Nc6 3.Bb5 g6 4.O-O Bg7 5.Re1 e5 6.Bxc6 dxc6 7.b3 Nh6 8.Bb2 f6
9.c3 O-O 10.d4 cxd4 11.cxd4 Bg4 12.Nbd2 exd4 13.Bxd4 b6 14.Qc2 c5 15.Bc3 Nf7
16.h3 Be6 17.Rad1 Qc7 18.Qb2 Nd8 19.Nc4 b5 20.Ne3 b4 21.Bd2 f5 22.Qc2 fxe4
23.Qxe4 Qc6 24.Qh4 Nf7 25.Nc4 Rad8 26.Bg5 Rxd1 27.Rxd1 Bd5 28.Rd3 Re8 29.Be7 h6
30.Na5 Qa8 31.Bxc5 Bxf3 32.gxf3 Ne5 33.Kg2 Nxd3 34.Qc4+ Kh7 35.Qxd3 Re5 36.Bxb4 Rg5+
37.Kf1 Qc8 38.Nc4 Qxh3+ 39.Ke2 Qf5 40.Qe4 Qb5 41.Bd6 Qd5 42.Bg3 Qd4 43.Qe7 Rd5
44.Kf1 Rd7 45.Qe6 Qd5 46.Qe4 h5 47.Kg2 Qxe4 48.fxe4 Rd1 49.Bd6 Kg8 50.Bc5 Bd4
51.Bb4 Kf7 52.Nd2 Ke6 53.Nf3 Bf6 54.Bc5 a6 55.a4 Be7 56.Be3 Rb1 57.Nd4+ Kd7
58.e5 Bc5 59.e6+ Ke8 60.Nc2 Bxe3 61.Nxe3 Rxb3 62.Nd5 a5 63.Nf4 Rb4 64.Kf3 Rxa4
65.Nxg6 Rb4 66.Ke3 Rb6 67.Nf4 h4 68.Kd4 Rb4+  0-1

[Event "Villa de Sitges 35th"]
[Site "Sitges"]
[Date "1999.??.??"]
[Round "6"]
[White "Marcet Bisbale, Antonio"]
[Black "Fressinet, Laurent"]
[Result "1/2-1/2"]
[WhiteElo "2295"]
[BlackElo "2440"]

1.e4 c5 2.Nf3 Nc6 3.Bb5 e6 4.O-O Nge7 5.Re1 Ng6 6.Nc3 Qc7 7.d4 cxd4 8.Nxd4 Bd6
9.g3 Nxd4 10.Qxd4 Be5 11.Qc4 a6 12.Qxc7 Bxc7 13.Be2 b5 14.Be3 Bb7 15.Red1 Ba5
16.Rd6 Bc6 17.Bc5 Ne7 18.Rad1 Rb8 19.a3 Nc8 20.R6d4 Bb6 21.Bxb6 Nxb6 22.f3 Ke7
23.Na2 a5 24.b4 Ra8 25.Nc3 axb4 26.axb4 Ra3 27.Nxb5 Re3 28.Bf1 Rxf3 29.Bg2 Rf6
30.e5 Bxb5 31.exf6+ gxf6 32.Ra1 Rc8 33.Ra5 Be2 34.Rd2 Bc4 35.Ra7 f5 36.Rb7 Nd5
37.Kf2 Kd6 38.Bxd5 Bxd5 39.Ra7 Rc4 40.Ra4 Kc6 41.Ra8 Rxb4 42.Rh8 f4 43.Rxh7 f5
44.Rh4 fxg3+ 45.Kxg3 Rb1 46.Kf4 Rg1 47.Ke5 Rg6 48.Rxd5 exd5 49.c4 Rd6 50.Rd4 Re6+  1/2-1/2

[Event "St Lorrain Masters-B"]
[Site "St Lorrain"]
[Date "1999.??.??"]
[Round "?"]
[White "Lukov, Valentin"]
[Black "Royer, Sylvain"]
[Result "1-0"]
[WhiteElo "2455"]
[BlackElo "2210"]

1.e4 c5 2.Nf3 Nc6 3.Bb5 d6 4.O-O Bd7 5.Re1 g6 6.c3 Bg7 7.d4 a6 8.Bxc6 Bxc6
9.d5 Bd7 10.e5 dxe5 11.Nxe5 Nf6 12.d6 e6 13.Qf3 h6 14.Qxb7 O-O 15.Na3 Rb8
16.Qxa6 Rb6 17.Qa5 Rxd6 18.Qxd8 Rxd8 19.Nac4 Ra6 20.Nxd7 Rxd7 21.Be3  1-0

[Event "White Nights op"]
[Site "St Petersburg"]
[Date "1999.??.??"]
[Round "1"]
[White "Andreev, Viktor"]
[Black "Grigoriev, Vitaly"]
[Result "1/2-1/2"]
[WhiteElo "2220"]
[BlackElo "2175"]

1.e4 c5 2.Nf3 Nc6 3.Bb5 g6 4.O-O Bg7 5.Nc3 Nd4 6.Nxd4 cxd4 7.Ne2 Qb6 8.Bd3 Nf6
9.a4 O-O 10.a5 Qd8 11.c3 dxc3 12.dxc3 d6 13.h3 Bd7 14.Be3 Bc6 15.Qc2 Nd7
16.Nd4 Qc8 17.b4 Ne5 18.Be2 Bd7 19.f4 Nc4 20.Bf2 e5 21.fxe5 dxe5 22.Nf3 Be6
23.Bc5 Rd8 24.Bd3 Qc6 25.Qe2 Nd6 26.Qe3 a6 27.Qe2 f6 28.Rfe1 Rac8 29.Rad1 Bh6
30.Bb1 Nb5 31.Qb2 Bf8 32.Rxd8 Rxd8 33.Bxf8 Kxf8 34.Rc1 Bc4 35.Kh2 Rd7 36.Qf2 Kg7
37.Qe3 Nc7 38.Nd2 Ne6 39.Re1 Nf4 40.Bc2 Bf7 41.Rc1 Be6 42.Rf1 Rc7 43.Rf3 Rd7
44.Rf2 Rd6 45.Qf3 Qd7 46.Nf1 Bf7 47.Qe3 Bc4 48.Nd2 Bf7 49.Nf3 Be6  1/2-1/2

[Event "White Nights op"]
[Site "St Petersburg"]
[Date "1999.??.??"]
[Round "6"]
[White "Karasev, Vladimir I"]
[Black "Stepanov, Timofej"]
[Result "0-1"]
[WhiteElo "2353"]
[BlackElo "2226"]

1.e4 c5 2.Nf3 Nc6 3.Bb5 g6 4.O-O Bg7 5.Re1 e5 6.Bxc6 dxc6 7.h3 Qc7 8.d3 Nf6
9.a4 O-O 10.Be3 b6 11.Nbd2 Be6 12.b3 Nd7 13.Ng5 Rfe8 14.a5 Nf8 15.Ra2 h6
16.Ngf3 f5 17.exf5 gxf5 18.Nf1 Rad8 19.axb6 axb6 20.Qc1 Kh7 21.Ra4 Ng6 22.Bd2 Bd5
23.Ng3 Bxf3 24.Nxf5 Qf7 25.Nxh6 Bxh6 26.Bxh6 b5 27.Ra6 Rg8 28.g3 Nf4 29.Rxe5 Ne2+
30.Rxe2 Bxe2 31.Rxc6 Rg6 32.Rxg6 Qxg6 33.Bg5 Re8 34.Qf4 Kg8 35.h4 Qe6 36.Bf6 Qg4
37.Qc7 Bf3 38.Bc3 b4 39.Be5 Bc6 40.Kh2 Qd7 41.Qd6 Qxd6 42.Bxd6 Re2 43.Bxc5 Rxc2
44.Bxb4 Rxf2+ 45.Kg1 Rg2+  0-1

[Event "Sutton op"]
[Site "Sutton"]
[Date "1999.??.??"]
[Round "3"]
[White "Cherniaev, Alexander"]
[Black "Reuben, Stewart"]
[Result "1-0"]
[WhiteElo "2466"]
[BlackElo "2225"]

1.e4 c5 2.Nf3 Nc6 3.Bb5 g6 4.O-O Bg7 5.c3 Nf6 6.Re1 O-O 7.Na3 d6 8.h3 Bd7
9.Bf1 Qc7 10.d3 Rab8 11.Nc2 b5 12.d4 cxd4 13.cxd4 b4 14.d5 Na5 15.Ncd4 e5
16.dxe6 fxe6 17.e5 Nd5 18.exd6 Qxd6 19.Ng5 Rbe8 20.Ne4 Qb6 21.Nf3 b3 22.a3 Rc8
23.Bd3 Nc4 24.Rb1 Ne5 25.Nxe5 Bxe5 26.Bh6 Rf7 27.Rf1 Bd4 28.Qd2 Ba4 29.Rbc1 Rfc7
30.Rxc7 Rxc7 31.Re1 Bg7 32.Bxg7 Kxg7 33.Ng5 Bd7 34.Be4 Nf6 35.Bb1 h6 36.Nf3 Be8
37.Ne5 Rc5 38.Nf3 Rd5 39.Qc3 a5 40.Rc1 a4 41.Be4 Rd6 42.Qe5 Qd8 43.Kh2 Qb8
44.Bb7 Bf7 45.Rc6 Rd8 46.Rc7 Kg8 47.Bc6 Nd5 48.Bxd5 Rxd5 49.Qg3 Rb5 50.Nd4  1-0

[Event "SVK-chT 9899"]
[Site "SVK"]
[Date "1999.??.??"]
[Round "10"]
[White "Manik, Mikulas"]
[Black "Maslik, Miroslav"]
[Result "1-0"]
[WhiteElo "2480"]
[BlackElo "2180"]

1.e4 c5 2.Nf3 Nc6 3.Bb5 g6 4.O-O Bg7 5.Re1 Nh6 6.c3 O-O 7.Na3 d6 8.d4 Qb6
9.h3 cxd4 10.cxd4 f5 11.d5 Ne5 12.Nxe5 dxe5 13.Be3 Qf6 14.f3 f4 15.Bf2 Nf7
16.Rc1 Qg5 17.Rxc8 Rfxc8 18.Bd7 Rd8 19.Be6 Kf8 20.Nb5 Qf6 21.Nc7 Rab8 22.Bxa7 Rbc8
23.Bxc8 Rxc8 24.Ne6+ Kg8 25.Qb3 Nd6 26.Bc5 Bf8 27.Rf1 h5 28.Bxd6 exd6 29.Qxb7 Re8
30.Rc1 Qh4 31.Kf1 Qg3 32.Rc8 Qh2 33.Rxe8 Qh1+ 34.Kf2  1-0

[Event "SWE-chT 9899"]
[Site "Sweden"]
[Date "1999.??.??"]
[Round "11"]
[White "Matros, Alexander"]
[Black "Bator, Robert"]
[Result "1-0"]
[WhiteElo "2433"]
[BlackElo "2480"]

1.e4 c5 2.Nf3 Nc6 3.Bb5 g6 4.Bxc6 dxc6 5.h3 Bg7 6.d3 Nf6 7.Nc3 Nd7 8.Be3 e5
9.Nd2 Qe7 10.a4 Nf8 11.a5 Ne6 12.Na4 O-O 13.Nb3 c4 14.dxc4 f5 15.Kf1 Qh4
16.Nac5 f4 17.Bd2 Rd8 18.Qe1 Qe7 19.Nd3 Qf7 20.f3 Nf8 21.Nbc5 Qxc4 22.b3 Qf7
23.Bc3 Ne6 24.Nxe6 Qxe6 25.Qf2 Bf6 26.Ke2 Qf7 27.Qc5 Re8 28.Bxe5 b6 29.axb6 axb6
30.Qxc6 Rxa1 31.Bxa1 Bxa1 32.Rxa1 Bb7 33.Qxb6 Rc8 34.c4 Rc6 35.Qd8+ Kg7 36.Ne5 Qe6
37.Nxc6 Qxc6 38.Rd1 Bc8 39.Qe7+ Kh6 40.Qh4+ Kg7 41.Qxf4 Qb6 42.Qe5+ Kh6 43.Qc3  1-0

[Event "SWZ-chT"]
[Site "SWZ"]
[Date "1999.??.??"]
[Round "2"]
[White "Bellini, Fabio"]
[Black "Partos, Charles"]
[Result "1-0"]
[WhiteElo "2418"]
[BlackElo "2375"]

1.e4 c5 2.Nf3 Nc6 3.Bb5 e6 4.Bxc6 bxc6 5.O-O Ne7 6.Re1 Ng6 7.c3 Be7 8.d4 cxd4
9.cxd4 d6 10.Nc3 O-O 11.b3 Ba6 12.Ba3 Qa5 13.Qd2 Bb5 14.Bb2 Nh4 15.Nxh4 Bxh4
16.e5 d5 17.a4 Ba6 18.Ba3 Rfb8 19.Rab1 Qd8 20.Bd6 Rb7 21.Na2 Be7 22.Bxe7 Qxe7
23.Rec1 Rab8 24.Rxc6 Bc4 25.Nc1 g6 26.g3 Kg7 27.Rc5 Bxb3 28.Nxb3 Rxb3 29.Rxb3 Rxb3
30.h4 h6 31.Kg2 Qb7 32.Qf4 Qe7 33.Qc1 Rb7 34.a5 g5 35.a6 Rb3 36.h5 Rb4 37.Rc7 Qd8
38.Qc2 Kg8  1-0

[Event "SWZ-chT"]
[Site "SWZ"]
[Date "1999.??.??"]
[Round "3"]
[White "Meyer, Harvey"]
[Black "Bohnenblust, Simon"]
[Result "1/2-1/2"]
[WhiteElo "2139"]
[BlackElo "2239"]

1.e4 c5 2.Nf3 Nc6 3.Bb5 g6 4.O-O Bg7 5.Nc3 Nd4 6.Bc4 d6 7.d3 e6 8.Nxd4 cxd4
9.Ne2 Ne7 10.Bg5 O-O 11.Qd2 Re8 12.Bb3 Qb6 13.Qf4 f6 14.Bxf6 Rf8 15.Bxg7 Rxf4
16.Bxd4 Qc7 17.Nxf4 Kf7 18.Ne2 Nc6 19.Be3 Na5 20.Rac1 Bd7 21.f4 Nxb3 22.cxb3 Bc6
23.Nd4 Qd7 24.Rc2 Rc8 25.Rfc1 Kg8 26.b4 a6 27.b5 axb5 28.Nxb5 Ra8 29.Na7 Rxa7
30.Bxa7 d5 31.e5 d4 32.Rc5 Qf7 33.Rf1 Qf5 34.Rc4 Qg4 35.Rxc6 bxc6 36.Bxd4 Qe2
37.Bc5 Qc2 38.d4 Qa4 39.a3 Qb3 40.h3 Qxb2 41.Rf3 Qc1+ 42.Rf1 Qc2 43.Kh2 h6
44.Rf3 Kf7 45.Bb4 Qc4 46.Bc3 Ke8 47.Kg3 Kd7 48.Kh2 Ke8 49.Rg3 Kf7 50.Rf3  1/2-1/2

[Event "SWZ-chT"]
[Site "SWZ"]
[Date "1999.??.??"]
[Round "5"]
[White "Landenbergue, Claude"]
[Black "Summermatter, Daniel"]
[Result "1/2-1/2"]
[WhiteElo "2420"]
[BlackElo "2336"]

1.e4 c5 2.Nf3 Nc6 3.Bb5 g6 4.Bxc6 bxc6 5.O-O Bg7 6.Re1 Nf6 7.Nc3 O-O 8.d3 d6
9.e5 Nd5 10.Ne4 Bg4 11.exd6 exd6 12.a3 Qd7 13.c4 Nc7 14.h3 Bxf3 15.Qxf3 f5  1/2-1/2

[Event "SWZ-chT"]
[Site "SWZ"]
[Date "1999.??.??"]
[Round "9"]
[White "Costa, Jean Luc"]
[Black "Geiser, Laurent"]
[Result "1-0"]
[WhiteElo "2394"]
[BlackElo "2162"]

1.e4 c5 2.Nf3 Nc6 3.Bb5 g6 4.O-O Bg7 5.Re1 Nf6 6.c3 O-O 7.h3 d5 8.e5 Ne8
9.Bxc6 bxc6 10.Qa4 Qb6 11.Qh4 f6 12.d4 cxd4 13.cxd4 fxe5 14.dxe5 Rb8 15.b3 Qb4
16.Qxb4 Rxb4 17.Ba3 Rb7 18.Nd4 Rc7 19.Nc3 Bh6 20.Rad1 Ng7 21.Bc1 Bxc1 22.Rxc1 Ne6
23.Nxe6 Bxe6 24.Na4 Rf4 25.Nc5 Kf7 26.f3 g5 27.Kf2 h5 28.g3 Rf5 29.g4 hxg4
30.hxg4 Rf4 31.Nd3 Rd4 32.Ke3 c5 33.Rc2 Bc8 34.Rec1 Rxd3+ 35.Kxd3 Ba6+ 36.Ke3  1-0